Apuntamiento para la historia natural de los páxaros del Paraguay y del Rio de la Plata / (Record no. 10242)

MARC details
000 -LEADER
campo de control de longitud fija 01032nam a2200277 i 4500
001 - NÚMERO DE CONTROL
campo de control 10242
003 - IDENTIFICADOR DE NÚMERO DE CONTROL
campo de control ES-MaACL
005 - FECHA Y HORA DE LA ÚLTIMA TRANSACCIÓN
campo de control 20250904063038.0
007 - CAMPO FIJO DE DESCRIPCIÓN FÍSICA--INFORMACIÓN GENERAL
campo de control de longitud fija t|
008 - DATOS DE LONGITUD FIJA--INFORMACIÓN GENERAL
campo de control de longitud fija 950324s1992 sp ||||1| spa d
020 ## - NÚMERO INTERNACIONAL ESTÁNDAR DEL LIBRO
Número Internacional Estándar del Libro 84-87111-28-9
080 ## - NÚMERO DE LA CLASIFICACIÓN DECIMAL UNIVERSAL
Número de la Clasificación Decimal Universal 598.2(821.21)
080 ## - NÚMERO DE LA CLASIFICACIÓN DECIMAL UNIVERSAL
Número de la Clasificación Decimal Universal 598.2(892)
100 1# - ENTRADA PRINCIPAL--NOMBRE DE PERSONA
Nombre de persona Azara, Félix de,
Fechas asociadas al nombre 1742-1821
9 (RLIN) 24234
245 10 - MENCIÓN DEL TÍTULO
Título Apuntamiento para la historia natural de los páxaros del Paraguay y del Rio de la Plata /
Mención de responsabilidad, etc. Félix de Azara ; edición de Joaquín Fernández Pérez.
260 ## - PUBLICACIÓN, DISTRIBUCIÓN, ETC.
Lugar de publicación, distribución, etc. Madrid :
Nombre del editor, distribuidor, etc. Comisión Interministerial de Ciencia y Tecnología ;
Lugar de publicación, distribución, etc. Aranjuez :
Nombre del editor, distribuidor, etc. Doce Calles,
Fecha de publicación, distribución, etc. D.L. 1992.
300 ## - DESCRIPCIÓN FÍSICA
Extensión 619 p. :
Otras características físicas il. ;
Dimensiones 32 cm.
500 ## - NOTA GENERAL
Nota general Indices.
504 ## - NOTA DE BIBLIOGRAFÍA, ETC.
Nota de bibliografía, etc. Bibliografía: p. [565]-569.
650 14 - PUNTO DE ACCESO ADICIONAL DE MATERIA--TÉRMINO DE MATERIA
Término de materia o nombre geográfico como elemento de entrada Aves-
Subdivisión geográfica Paraguay.
9 (RLIN) 10444
650 14 - PUNTO DE ACCESO ADICIONAL DE MATERIA--TÉRMINO DE MATERIA
Término de materia o nombre geográfico como elemento de entrada Aves-
Subdivisión geográfica Río de la Plata.
9 (RLIN) 10446
700 1# - ENTRADA AGREGADA--NOMBRE PERSONAL
Nombre de persona Fernández Pérez, Joaquín.
9 (RLIN) 49994
710 2# - ENTRADA AGREGADA--NOMBRE DE ENTIDAD CORPORATIVA
Nombre de entidad corporativa o nombre de jurisdicción como elemento de entrada Comisión Interministerial de Ciencia y Tecnología.
9 (RLIN) 3047
852 ## - LOCALIZACIÓN
Ubicación ES-MaACL
Número de control de estantería L-17664
Sublocalización o colección R.123668
Holdings
Estatus retirado Estado de pérdida Estado de daño No para préstamo Biblioteca de origen Biblioteca actual Ubicación en estantería Fecha de adquisición Fuente de adquisición Total de préstamos Signatura topográfica completa Código de barras Visto por última vez Precio de reemplazo Tipo de ítem Koha
        Biblioteca del Ateneo de Madrid Biblioteca del Ateneo de Madrid Depósito 2 17/01/2008     L-17664 1010451 23/02/2023 23/02/2023 Libro impreso